Spannbeton - Entwurf. Wirtschaftliche Querschnitte und zweckmäBige Spanngiedfürung mit Beispielen / (Rekord nr 8098)
| 000 -ETYKIETA REKORDU | |
|---|---|
| podpole kontrolne o stałej długości | 00470nam a2200157 i 4500 |
| 001 - NUMER KONTROLNY REKORDU | |
| pole kontrolne | bg |
| 040 ## - ŹRÓDŁO KATALOGOWANIA | |
| Instytucja, która utworzyła rekord | BPK |
| 041 ## - KOD JĘZYKA | |
| Kod języka tekstu | pol |
| 080 ## - UNIWERSALNA KLASYFIKACJA DZIESIĘTNA - UKD | |
| UKD | 624.072.2:624.012.46 |
| 008 - POLE O STAŁEJ DŁUGOŚCI - DANE KONTROLNE | |
| podpole kontrolne o stałej długości | s pl f |000 0 pol |
| 100 1# - NAZWA OSOBOWA | |
| Nazwa osobowa | GRABNER, Raimund |
| 245 #0 - TYTUŁ/ODPOWIEDZIALNOŚĆ | |
| Tytuł | Spannbeton - Entwurf. Wirtschaftliche Querschnitte und zweckmäBige Spanngiedfürung mit Beispielen / |
| Pozostałe elementy strefy tytułu i oznaczenia odpowiedzialności | Raimund Grabner. |
| 260 ## - STREFA ADRESU WYDAWNICZEGO | |
| Miejsce wydania | Düsseldorf : |
| Nazwa wydawcy/dystrybutora | Werner Verlag, |
| Data publikacji, dystrybucji/powstania dokumentu | 1965. |
| 300 ## - STREFA OPISU FIZYCZNEGO | |
| Objętość | s. 151, 1 nlb. |
| 856 ## - LOKALIZACJA I DOSTĘP DO ELEKTRONICZNYCH DOKUMENTÓW ZDALNYCH | |
| Link (URL) | http://koha.tu.koszalin.pl/cgi-bin/koha/opac-detail.pl?biblionumber=8098 |
| Tekst linku | Katalog online BPK |
| 942 ## - DODATKOWE ELEMENTY (KOHA) | |
| Typ dokumentu | Książka |
| Wycofany | Status egzemplarza | Uszkodzony | Dostępność | Lokalizacja stała | Lokalizacja bieżąca | Miejsce przechowywania | Sygnatura | Kod kreskowy | Typ dokumentu |
|---|---|---|---|---|---|---|---|---|---|
| Dostępny | Biblioteka Politechniki Koszalińskiej | Biblioteka Politechniki Koszalińskiej | Wypożyczalnia BG | 4546 | 02194950 | Książka | |||
| Dostępny | Biblioteka Politechniki Koszalińskiej | Biblioteka Politechniki Koszalińskiej | Wypożyczalnia BG | 4547 | 02194943 | Książka |
